MARC details
| 000 -CABECERA |
| campo de control de longitud fija |
01953cam a2200289 a 4500 |
| 001 - NÚMERO DE CONTROL |
| campo de control |
000018235 |
| 005 - FECHA Y HORA DE LA ÚLTIMA TRANSACCIÓN |
| campo de control |
20200929165420.0 |
| 008 - DATOS DE LONGITUD FIJA--INFORMACIÓN GENERAL |
| campo de control de longitud fija |
701026s1970 ilu b 001 0 eng d |
| 020 ## - NÚMERO INTERNACIONAL ESTÁNDAR DEL LIBRO |
| Número Internacional Estándar del Libro |
0226263460 |
| 040 ## - FUENTE DE LA CATALOGACIÓN |
| Centro catalogador/agencia de origen |
DO-SdBNP |
| Centro/agencia transcriptor |
DLC |
| Centro/agencia modificador |
DLC |
| -- |
BNPHU |
| 082 ## - NÚMERO DE LA CLASIFICACIÓN DECIMAL DEWEY |
| Número de clasificación |
839.69 |
| Número de documento/Ítem |
S193b |
| 049 ## - FONDOS LOCALES (OCLC) |
| Fondos de biblioteca |
BNGR |
| 245 00 - MENCIÓN DE TÍTULO |
| Título |
Samuel Beckett now : |
| Resto del título |
critical approaches to his novels, poetry, and plays. / |
| Mención de responsabilidad, etc. |
Edited and with an introd. by Melvin J. Friedman. |
| 260 ## - PUBLICACIÓN, DISTRIBUCIÓN, ETC. |
| Lugar de publicación, distribución, etc. |
Chicago ; |
| -- |
London, : |
| Nombre del editor, distribuidor, etc. |
University of Chicago, |
| Fecha de publicación, distribución, etc. |
1970. |
| 300 ## - DESCRIPCIÓN FÍSICA |
| Extensión |
xii, 275 p. ; |
| Dimensiones |
23 cm. |
| 500 ## - NOTA GENERAL |
| Nota general |
With the exception of three essays, an earlier form of this book appeared in French as Configuration critique de Samuel Beckett. |
| 504 ## - NOTA DE BIBLIOGRAFÍA, ETC. |
| Nota de bibliografía, etc. |
Includes bibliographical references. |
| 500 ## - NOTA GENERAL |
| Nota general |
Includes index |
| 505 0# - NOTA DE CONTENIDO CON FORMATO |
| Nota de contenido con formato |
Introduction, by M. J. Friedman.--The elusive ego: Beckett's M's, by F. J. Hoffman.--Robbe-Grillet as a critic of Samuel Beckett, by B. Morrissette.--The strange world of Beckett's "grands articules," by G. Bree.--Black humor: the pockets of Lemuel Gulliver and Samuel Beckett, by E. Kern.--Beckettian paradox: who is telling the truth? By R. Federman.--Adventures of the first person, by R. Champigny.--Molloy or the quest for meaninglessness: a global interpretation, by D. Hayman.--Interpreting Molloy, by J. Fletcher.--A poet's initiation, by L. E. Harvey.--The laughter of sad Samuel Beckett, by R. Cohn.--Beckett's metaphysics of choiceless awareness, by R. Lamont.--Samuel Beckett: a checklist of criticism, by J. R. Bryer (p. 219-259) |
| 600 10 - PUNTO DE ACCESO ADICIONAL DE MATERIA--NOMBRE DE PERSONA |
| Nombre de persona |
BECKETT, SAMUEL, |
| Fechas asociadas al nombre |
1906-1989 |
| Subdivisión general |
CRÍTICA E INTERPRETACIÓN |
| 9 (RLIN) |
33185 |
| 650 #4 - PUNTO DE ACCESO ADICIONAL DE MATERIA--TÉRMINO DE MATERIA |
| Término de materia o nombre geográfico como elemento de entrada |
Autores irlandeses |
| Subdivisión general |
Crítica e interpretación |
| 9 (RLIN) |
39485 |
| 650 #4 - PUNTO DE ACCESO ADICIONAL DE MATERIA--TÉRMINO DE MATERIA |
| Término de materia o nombre geográfico como elemento de entrada |
Poesía irlandesa |
| Subdivisión general |
Historia y crítica |
| 9 (RLIN) |
39486 |
| 650 #4 - PUNTO DE ACCESO ADICIONAL DE MATERIA--TÉRMINO DE MATERIA |
| Término de materia o nombre geográfico como elemento de entrada |
Novela irlandesa |
| Subdivisión general |
Historia y crítica |
| 9 (RLIN) |
39487 |
| 650 #4 - PUNTO DE ACCESO ADICIONAL DE MATERIA--TÉRMINO DE MATERIA |
| Término de materia o nombre geográfico como elemento de entrada |
Literatura irlandesa |
| Subdivisión general |
Historia y crítica |
| Subdivisión cronológica |
SIGLO XX |
| 9 (RLIN) |
39488 |
| 700 1# - PUNTO DE ACCESO ADICIONAL--NOMBRE DE PERSONA |
| Nombre de persona |
Friedman, Melvin J., |
| Término indicativo de función/relación |
ed. |
| 9 (RLIN) |
39489 |
| 910 ## - DATOS DE OPCIÓN DEL USUARIO (OCLC) |
| Datos de opción del usuario |
Catalogación derivada |